Les maisons d'édition - Statistiques

Statistiques générales
  • Ce quiz a été pris 16 fois
  • Le résultat moyen est 9 sur 18
Statistiques - réponses
Hint Réponse % Correct
Albin Michel
75%
La fabrique
75%
Stock
75%
Les Avrils
67%
P.O.L
67%
Flammarion
58%
Grasset
58%
JC Lattès
58%
Minuit
58%
Seuil
58%
Payot
50%
Editions du sous-sol
42%
Zulma
42%
Divergences
33%
Iconoclaste
33%
Le nouvel attila
33%
Actes Sud
25%
Léonides
25%
Aucun quiz correspondant
Distribution des résultats
% des personnes avec chaque résultat
Percentile par nombre de réponses
Votre historique - résultats
Vous n’avez pas pris ce quiz